Winfield & Jolowicz 'TORT' (Record no. 4083)

000 -LEADER
fixed length control field 00418nam a2200169Ia 4500
008 - FIXED-LENGTH DATA ELEMENTS--GENERAL INFORMATION
fixed length control field 190328s9999||||xx |||||||||||||| ||und||
020 ## - INTERNATIONAL STANDARD BOOK NUMBER
International Standard Book Number 9789384746407
082 ## - DEWEY DECIMAL CLASSIFICATION NUMBER
Classification number 346.03
Item number PEE/W
100 ## - MAIN ENTRY--PERSONAL NAME
Personal name W. E. Peel
245 #0 - TITLE STATEMENT
Title Winfield & Jolowicz 'TORT'
250 ## - EDITION STATEMENT
Edition statement 19th
260 ## - PUBLICATION, DISTRIBUTION, ETC.
Place of publication, distribution, etc. New Delhi
Name of publisher, distributor, etc. Sweet & Mexwell
Date of publication, distribution, etc. 2015
300 ## - PHYSICAL DESCRIPTION
Extent 852
650 ## - SUBJECT ADDED ENTRY--TOPICAL TERM
Topical term or geographic name entry element Torts/Consumer Protection
700 ## - ADDED ENTRY--PERSONAL NAME
Personal name J. Goudkamp
942 ## - ADDED ENTRY ELEMENTS (KOHA)
Koha item type Book

No items available.

All Rights Reserved@MUIT

Powered by Koha